000 00305nam a22001337a 4500
008 170619b xxu||||| |||| 00| 0 eng d
020 _a0691093628
041 _aeng
080 _a32
100 _a20
101 _aSHP
245 _aTHE POLITICAL CHARACTER OF ADOLESCENE
_cJENNINGS,M.K
942 _2udc
_cBK
999 _c17993
_d17993